000 00804cab a2200229 4500
001 WB2609-22
008 090401t1990 xxu||||| |||| 00| 0 eng d
035 _a(Sirsi) u72559
041 _aeng
245 _aCash to help greater tenant participation
260 _c1990
350 _a0
490 _aDoE News Release
_vno 118, 26 February 1990 2 pages
520 _aThe Government has announced that more than £3m would be made available in 1990/91 for Section 16 tenant participation grants to help tenants run their own homes by promoting and developing housing co-operatives and other tenant-led initiatives.
650 _aCOUNCIL HOUSING
650 _aGRANTS
650 _aHOUSING MANAGEMENT
650 _aTENANT PARTICIPATION
690 _aHOUSING
942 _n0
948 _c04/03/1997
999 _c45856
_d45856